<?xml version="1.0" encoding="UTF-8"?>
<record
    xmlns:xsi="http://www.w3.org/2001/XMLSchema-instance"
    xsi:schemaLocation="http://www.loc.gov/MARC21/slim http://www.loc.gov/standards/marcxml/schema/MARC21slim.xsd"
    xmlns="http://www.loc.gov/MARC21/slim">

  <leader>01539nam2a22002531  4500</leader>
  <controlfield tag="001">RU\NLR\A1SV\25322</controlfield>
  <controlfield tag="005">20251203152403.2</controlfield>
  <datafield tag="035" ind1=" " ind2=" ">
    <subfield code="a">(NLR Aleph) 009709663</subfield>
  </datafield>
  <datafield tag="090" ind1=" " ind2=" ">
    <subfield code="a">13478926</subfield>
    <subfield code="c">13478926</subfield>
  </datafield>
  <datafield tag="100" ind1=" " ind2=" ">
    <subfield code="a">19800421d1926    u  y0rusy50      ca</subfield>
  </datafield>
  <datafield tag="101" ind1="0" ind2=" ">
    <subfield code="a">rus</subfield>
  </datafield>
  <datafield tag="200" ind1="1" ind2=" ">
    <subfield code="a">&#x412;&#x43E;&#x437;&#x434;&#x443;&#x448;&#x43D;&#x44B;&#x435;, &#x441;&#x443;&#x445;&#x43E;&#x43F;&#x443;&#x442;&#x43D;&#x44B;&#x435; &#x438; &#x43C;&#x43E;&#x440;&#x441;&#x43A;&#x438;&#x435; &#x441;&#x438;&#x43B;&#x44B; &#x438;&#x43D;&#x43E;&#x441;&#x442;&#x440;&#x430;&#x43D;&#x43D;&#x44B;&#x445; &#x433;&#x43E;&#x441;&#x443;&#x434;&#x430;&#x440;&#x441;&#x442;&#x432;</subfield>
    <subfield code="f">&#x415;.&#x422;&#x430;&#x442;&#x430;&#x440;&#x447;&#x435;&#x43D;&#x43A;&#x43E;</subfield>
  </datafield>
  <datafield tag="210" ind1=" " ind2=" ">
    <subfield code="d">1926</subfield>
  </datafield>
  <datafield tag="215" ind1=" " ind2=" ">
    <subfield code="a">438 &#x441;., 4 &#x43B;. &#x438;&#x43B;.</subfield>
  </datafield>
  <datafield tag="300" ind1=" " ind2=" ">
    <subfield code="a">&#x41F;&#x440;&#x438;&#x43B;.: &#x422;&#x435;&#x43D;&#x434;&#x435;&#x43D;&#x446;&#x438;&#x438; &#x441;&#x43E;&#x432;&#x440;&#x435;&#x43C;&#x435;&#x43D;&#x43D;&#x43E;&#x439; &#x43C;&#x435;&#x436;&#x434;&#x443;&#x43D;&#x430;&#x440;&#x43E;&#x434;&#x43D;&#x43E;&#x439; &#x432;&#x43E;&#x437;&#x434;&#x443;&#x448;&#x43D;&#x43E;&#x439; &#x442;&#x435;&#x445;&#x43D;&#x438;&#x43A;&#x438; &#x438; &#x435;&#x435; &#x431;&#x43B;&#x438;&#x436;&#x430;&#x439;&#x448;&#x438;&#x435; &#x43F;&#x435;&#x440;&#x441;&#x43F;&#x435;&#x43A;&#x442;&#x438;&#x432;&#x44B;. &#x414;&#x430;&#x43D;&#x43D;&#x44B;&#x435; &#x43E; &#x43D;&#x43E;&#x432;&#x435;&#x439;&#x448;&#x438;&#x445; &#x438; &#x441;&#x43E;&#x441;&#x442;&#x43E;&#x44F;&#x449;&#x438;&#x445; &#x43D;&#x430; &#x432;&#x43E;&#x43E;&#x440;&#x443;&#x436;&#x435;&#x43D;&#x438;&#x438; &#x441;&#x430;&#x43C;&#x43E;&#x43B;&#x435;&#x442;&#x430;&#x445; &#x438; &#x433;&#x438;&#x434;&#x440;&#x43E;&#x441;&#x430;&#x43C;&#x43E;&#x43B;&#x435;&#x442;&#x430;&#x445;. &#x420;&#x430;&#x437;&#x43B;&#x438;&#x447;&#x43D;&#x44B;&#x435; &#x441;&#x43F;&#x440;&#x430;&#x432;&#x43E;&#x447;&#x43D;&#x44B;&#x435; &#x441;&#x432;&#x435;&#x434;&#x435;&#x43D;&#x438;&#x44F; &#x43F;&#x43E; &#x43C;&#x435;&#x436;&#x434;&#x443;&#x43D;&#x430;&#x440;&#x43E;&#x434;&#x43D;&#x43E;&#x439; &#x430;&#x432;&#x438;&#x430;&#x446;&#x438;&#x438;</subfield>
  </datafield>
  <datafield tag="320" ind1=" " ind2=" ">
    <subfield code="a">&#x411;&#x438;&#x431;&#x43B;&#x438;&#x43E;&#x433;&#x440;. / &#x415;.&#x422;&#x430;&#x442;&#x430;&#x440;&#x447;&#x435;&#x43D;&#x43A;&#x43E; (&#x421;.410-414) &#x438; &#x432; &#x43F;&#x440;&#x435;&#x434;&#x438;&#x441;&#x43B;.</subfield>
  </datafield>
  <datafield tag="461" ind1=" " ind2="1">
    <subfield code="1">001RU\NLR\A1SV\25319</subfield>
    <subfield code="1">2000#$a&#x412;&#x43E;&#x437;&#x434;&#x443;&#x448;&#x43D;&#x44B;&#x439; &#x441;&#x43F;&#x440;&#x430;&#x432;&#x43E;&#x447;&#x43D;&#x438;&#x43A;$e&#x421;&#x431;. &#x441;&#x442;. &#x43F;&#x43E; &#x432;&#x43E;&#x43F;&#x440;&#x43E;&#x441;&#x430;&#x43C; &#x430;&#x432;&#x438;&#x430;&#x446;&#x438;&#x438; &#x438; &#x432;&#x43E;&#x437;&#x434;&#x443;&#x445;&#x43E;&#x43F;&#x43B;&#x430;&#x432;&#x430;&#x43D;&#x438;&#x44F;$v&#x422;.3</subfield>
    <subfield code="9">9827070</subfield>
    <subfield code="c">&#x41C;.</subfield>
    <subfield code="d">1925-1927</subfield>
    <subfield code="n">&#x410;&#x432;&#x438;&#x43E;&#x438;&#x437;&#x434;-&#x432;&#x43E;</subfield>
    <subfield code="o">&#x421;&#x431;. &#x441;&#x442;. &#x43F;&#x43E; &#x432;&#x43E;&#x43F;&#x440;&#x43E;&#x441;&#x430;&#x43C; &#x430;&#x432;&#x438;&#x430;&#x446;&#x438;&#x438; &#x438; &#x432;&#x43E;&#x437;&#x434;&#x443;&#x445;&#x43E;&#x43F;&#x43B;&#x430;&#x432;&#x430;&#x43D;&#x438;&#x44F;</subfield>
    <subfield code="t">&#x412;&#x43E;&#x437;&#x434;&#x443;&#x448;&#x43D;&#x44B;&#x439; &#x441;&#x43F;&#x440;&#x430;&#x432;&#x43E;&#x447;&#x43D;&#x438;&#x43A;</subfield>
    <subfield code="v">&#x422;.3</subfield>
  </datafield>
  <datafield tag="701" ind1=" " ind2="1">
    <subfield code="a">&#x422;&#x430;&#x442;&#x430;&#x440;&#x447;&#x435;&#x43D;&#x43A;&#x43E;</subfield>
    <subfield code="b">&#x415;.&#x418;.</subfield>
    <subfield code="g">&#x415;&#x432;&#x433;&#x435;&#x43D;&#x438;&#x439; &#x418;&#x432;&#x430;&#x43D;&#x43E;&#x432;&#x438;&#x447;</subfield>
    <subfield code="4">070</subfield>
  </datafield>
  <datafield tag="801" ind1=" " ind2="0">
    <subfield code="a">RU</subfield>
    <subfield code="b">NLR</subfield>
    <subfield code="c">19800421</subfield>
  </datafield>
  <datafield tag="852" ind1=" " ind2=" ">
    <subfield code="a">NLR</subfield>
    <subfield code="j">19/275-3</subfield>
  </datafield>
  <datafield tag="942" ind1=" " ind2=" ">
    <subfield code="c">BOOK</subfield>
  </datafield>
  <datafield tag="980" ind1=" " ind2=" ">
    <subfield code="a">A1SV</subfield>
  </datafield>
  <datafield tag="980" ind1=" " ind2=" ">
    <subfield code="a">NB</subfield>
  </datafield>
</record>
